LEADER 01222nam0-22003611i-450- 001 990002961070403321 005 20070731135229.0 010 $a88-458-0254-X 035 $a000296107 035 $aFED01000296107 035 $a(Aleph)000296107FED01 035 $a000296107 100 $a20030910d2000----km-y0itay50------ba 101 0 $aita 102 $aIT 200 1 $a<>presenza straniera in Italia$ecaratteristiche demografiche$epermessi di soggiorno al 1.1.1998, residenti stranieri al 1.1.1998$fIstituto Nazionale di Statistica$ga cura di Domenico Gabrielli 210 $aRoma$cIstat$d2000 215 $a132 p.$d30 cm$e1 floppy disk 225 1 $aInformazioni$fIstat$v7 300 $aIn testa al frontespizio: "Sistema statistico nazionale. Istituto Nazionale di Statistica" 300 $aSettore popolazione 610 0 $aItalia$aimmigrazione$a1990-1998 676 $a304.8 702 1$aGabrielli,$bDomenico 710 02$aIstat$0374421 801 0$aIT$bUNINA$gRICA$2UNIMARC 901 $aBK 912 $a990002961070403321 952 $aCDI-I-07-00-Pos-2$b7428$fMAS 952 $aCDI-I-07b-00-Pos-2$b7525$fMAS 959 $aMAS 996 $aPresenza straniera in Italia$9237576 997 $aUNINA LEADER 01191nam0-2200409---450 001 990009514500403321 005 20210505104854.0 010 $a978-88-6030-273-1 035 $a000951450 035 $aFED01000951450 035 $a(Aleph)000951450FED01 035 $a000951450 100 $a20120120d2009----km-y0itay50------ba 101 1 $aita$ceng 102 $aIT 105 $ay-------001yy 200 1 $a<>mente fenomenologica$efilosofia della mente e scienze cognitive$fShaun Gallagher, Dan Zahavi 210 $aMilano$cRaffaello Cortina$d2009 215 $aIX, 379 p.$d23 cm 225 1 $aSaggi 454 0$12001$a<>phenomenological mind$953987 610 0 $aMente$aTeorie 676 $a153$v22$zita 676 $a128.2$v22$zita 700 1$aGallagher,$bShaun$f<1948- >$0326294 701 1$aZahavi,$bDan$0326293 801 0$aIT$bUNINA$gRICA$2UNIMARC 901 $aBK 912 $a990009514500403321 952 $aP.1 FG 2353$bBibl. 61217$fFLFBC 952 $a128.2 GAL 1$b4631$fBFS 952 $aCollez. 2360 (61)$b2614/2020$fFSPBC 959 $aBFS 959 $aFLFBC 959 $aFSPBC 996 $aPhenomenological mind$953987 997 $aUNINA